000 00691nam a2200217 i 4500
001 104236
003 ES-MaACL
005 20250830095358.0
007 t|
008 051125s1983 mx ||||1| spa d
100 1 _aMiliband, Ralph.
_981112
245 1 3 _aEl estado en la sociedad capitalista /
_cpor Ralph Miliband ; [traducción de Francisco González Aramburu].
250 _a[12ª ed.].
260 _aMéxico :
_bSiglo Veintiuno,
_c1983.
300 _a273 p. ;
_c21 cm.
650 0 7 _aEstado
_2embne
_912523
650 0 7 _aSocialismo
_2embne
_917147
700 1 _aGonzález Aramburo, Francisco.
_958429
852 _aES-MaACL
_jL-8038
_bR.108583
999 _c104236
_d104236